[Event "BCF-chT4 0607 (4NCL)"]
[Site "Sunningdale"]
[Date "2007.03.24"]
[Round "7.154"]
[White "Davda, Rahil P"]
[Black "Winchcombe, Neil"]
[Result "1-0"]
[WhiteElo "1855"]
[BlackElo "1630"]
[PlyCount "135"]
[EventDate "2006.09.16"]
[EventType "team"]
[EventRounds "11"]
[EventCountry "ENG"]
[SourceTitle "EXT 2008"]
[Source "ChessBase"]
[SourceDate "2007.11.25"]
[SourceVersion "1"]
[SourceVersionDate "2007.11.25"]
[SourceQuality "1"]
[WhiteTeam "Addlestone"]
[BlackTeam "Conquistadors II"]
[WhiteTeamCountry "ENG"]
[BlackTeamCountry "ENG"]

1. d4 Nf6 2. c4 d6 3. Nc3 a6 4. e4 Bg4 5. Qb3 b6 6. h3 Bh5 7. Be2 e5 8. d5 Nbd7 9. Bg5 Bxe2 10. Ngxe2 Be7 11. 0-0 h6 12. Bh4 0-0 13. Qc2 Nc5 14. b4 Ncd7 15. a3 Nh5 16. Bxe7 Qxe7 17. Rad1 Qg5 18. Qd2 Nf4 19. Nxf4 exf4 20. Ne2 Ne5 21. Qxf4 Nxc4 22. Qxg5 hxg5 23. Rc1 Nd2 24. Rfd1 Nxe4 25. Rxc7 Rac8 26. Rdc1 Ra8 27. R1c6 b5 28. Nc3 Nxc3 29. Rxc3 Rfd8 30. Rf3 f6 31. Re3 Re8 32. Rxe8+ Rxe8 33. Rc6 Re1+ 34. Kh2 Re2 35. Rxd6 Rxf2 36. Rxa6 Rd2 37. d6 f5 38. Rb6 f4 39. Rxb5 f3 40. Rxg5 f2 41. Rf5 g6 42. Rf3 g5 43. d7 Rxd7 44. Rxf2 Rd3 45. Rf5 g4 46. Rg5+ Kf7 47. Rxg4 Rxa3 48. Rg3 Ra2 49. Rb3 Ra8 50. b5 Rb8 51. b6 Rb7 52. g4 Kg6 53. Kg3 Kg5 54. h4+ Kg6 55. h5+ Kg5 56. Rb5+ Kf6 57. g5+ Kg7 58. Kg4 Kh7 59. Kf5 Rf7+ 60. Ke6 Rb7 61. Kd6 Kg8 62. Kc6 Rh7 63. b7 Rxh5 64. b8Q+ Kg7 65. Qe5+ Kg6 66. Qf6+ Kh7 67. Rb7+ Kg8 68. Qg7# 1-0

[Event "BCF-chT4 0607 (4NCL)"]
[Site "Sunningdale"]
[Date "2006.09.24"]
[Round "2.4"]
[White "Soszynski, Marek J"]
[Black "Winchcombe, Neil"]
[Result "1-0"]
[WhiteElo "1900"]
[BlackElo "1565"]
[PlyCount "79"]
[EventDate "2006.09.16"]
[EventType "team"]
[EventRounds "11"]
[EventCountry "ENG"]
[SourceTitle "CBM 115 Extra"]
[Source "ChessBase"]
[SourceDate "2007.01.10"]
[SourceVersion "1"]
[SourceVersionDate "2007.01.10"]
[SourceQuality "1"]
[WhiteTeam "Sutton Coldfield"]
[BlackTeam "W Collective II"]
[WhiteTeamCountry "ENG"]
[BlackTeamCountry "ENG"]

1. Nf3 d6 2. g3 Nc6 3. d4 e6 4. Bg2 Be7 5. 0-0 h6 6. c4 Nf6 7. Nc3 a6 8. e4 0-0 9. a3 b6 10. b4 Rb8 11. Qe2 Bb7 12. Rd1 e5 13. dxe5 Nd7 14. exd6 cxd6 15. Nd5 Bf6 16. Bb2 Bxb2 17. Qxb2 Nce5 18. Nxe5 Nxe5 19. Ne3 Bc8 20. Qd4 Bg4 21. Nxg4 Nxg4 22. Qxd6 Qxd6 23. Rxd6 Rfd8 24. Rad1 Rxd6 25. Rxd6 Ne5 26. Bf1 f6 27. f4 Nf3+ 28. Kf2 Nxh2 29. Be2 Re8 30. Rd4 f5 31. exf5 Kh7 32. Rd2 Re4 33. f6 gxf6 34. Bd3 Ng4+ 35. Kf3 f5 36. Bxe4 fxe4+ 37. Kxg4 Kg6 38. f5+ Kf6 39. Kf4 e3 40. Rd6+ 1-0